Wool Away :The Art and Technique of Shearing (Record no. 21966)

MARC details
000 -LEADER
fixed length control field 00467nam a22001697a 4500
003 - CONTROL NUMBER IDENTIFIER
control field OSt
005 - DATE AND TIME OF LATEST TRANSACTION
control field 20211209085429.0
008 - FIXED-LENGTH DATA ELEMENTS--GENERAL INFORMATION
fixed length control field 211209b |||||||| |||| 00| 0 eng d
020 ## - INTERNATIONAL STANDARD BOOK NUMBER
International Standard Book Number 0-442-20964-9
040 ## - CATALOGING SOURCE
Transcribing agency Hawassa University
050 ## - LIBRARY OF CONGRESS CALL NUMBER
Classification number 677.3/BOW
Item number 3
082 ## - DEWEY DECIMAL CLASSIFICATION NUMBER
Classification number 677.3/BOW
Item number 3
100 ## - MAIN ENTRY--PERSONAL NAME
Personal name Bowen,Gogfrey
9 (RLIN) 22290
245 ## - TITLE STATEMENT
Title Wool Away :The Art and Technique of Shearing
260 ## - PUBLICATION, DISTRIBUTION, ETC.
Place of publication, distribution, etc. New York
Name of publisher, distributor, etc. Van Nostrand Reinhold Company
Date of publication, distribution, etc. 1955
942 ## - ADDED ENTRY ELEMENTS (KOHA)
Source of classification or shelving scheme Dewey Decimal Classification
Koha item type Books like text book referance book
Suppress in OPAC No
Holdings
Withdrawn status Lost status Source of classification or shelving scheme Damaged status Not for loan Home library Current library Date acquired Total Checkouts Full call number Barcode Date last seen Copy number Price effective from Koha item type
    Dewey Decimal Classification     College of Agriculture Library College of Agriculture Library 12/09/2021   677.3/BOW ALIB0004787 12/09/2021 1 12/09/2021 Books like text book referance book
    Dewey Decimal Classification     College of Agriculture Library College of Agriculture Library 12/09/2021   677.3/BOW ALIB0004788 12/09/2021 2 12/09/2021 Books like text book referance book
    Dewey Decimal Classification     College of Agriculture Library College of Agriculture Library 12/09/2021   677.3/BOW ALIB0004789 12/09/2021 3 12/09/2021 Books like text book referance book